| 000 | 00455 a2200097 4500 | ||
|---|---|---|---|
| 082 | _a363.125 CHA | ||
| 100 | _aChandler, Kevin | ||
| 245 |
_aSensitive Security Information (SSI): Designation, Markings, and Control : Resource Document for Transit Agencies / _cKevin Chandler, Pamela Sutherland, Donald Eldredge |
||
| 260 |
_aWashington : _bU. S. Department of Transportation Federal Highway Administration, _c2009 |
||
| 300 |
_avarious Pages _bill. ; _c30 cm |
||
| 650 | _aSecurity Information | ||
| 999 |
_c2184 _d2184 |
||